Statistics for Top Overall Scorers at the Rugby World Cup

Click here to take the quiz!

General Stats

  • This quiz has been taken 6 times
  • The average score is 6 of 21

Answer Stats

NPlayerCountryYear(s)Points% Correct
4Dan CarterNew Zealand2003,2007,2011,2015170
83%
1Jonny WilkinsonEngland1999,2003,2007,2011277
83%
2Gavin HastingsScotland1987,1991,1995227
67%
20Dan BiggarWales2015,201997
50%
4Grant FoxNew Zealand1987,1991170
50%
7Handré PollardSouth Africa2015,2019162
50%
10Nicolás SánchezArgentina2015,2019117
50%
3Michael LynaghAustralia1987,1991,1995195
33%
14Percy MontgomerySouth Africa1999,2003,2007111
33%
6Andrew MehrtensNew Zealand1995,1999,2003163
17%
16Elton FlatleyAustralia1999,2003100
17%
8Frédéric MichalakFrance2003,2007,2011,2015134
17%
18Greig LaidlawScotland2011,201598
17%
17Jonathan WebbEngland1987,199199
17%
15Matt BurkeAustralia1995,1999,2003101
17%
18Neil JenkinsWales1991,1995,199998
17%
10Chris PatersonScotland1999,2003,2007,2011117
0%
9Gonzalo QuesadaArgentina1999,2003129
0%
20Jannie de BeerSouth Africa199997
0%
10Nicky LittleFiji1999,2003,2007,2011117
0%
13Thierry LacroixFrance1991,1995112
0%

Score Distribution

Percentile by Number Answered

Percent of People with Each Score

Your Score History

You have not taken this quiz